Catholic University of Zimbabwe Library
Online Public Access Catalogue
(OPAC)

Dreams of Nationhood (Record no. 33708)

MARC details
000 -LEADER
fixed length control field 02249nam a22003497a 4500
001 - CONTROL NUMBER
control field 101813
003 - CONTROL NUMBER IDENTIFIER
control field KnowledgeUnlatched
005 - DATE AND TIME OF LATEST TRANSACTION
control field 20210303105129.0
006 - FIXED-LENGTH DATA ELEMENTS--ADDITIONAL MATERIAL CHARACTERISTICS
fixed length control field m o d
007 - PHYSICAL DESCRIPTION FIXED FIELD--GENERAL INFORMATION
fixed length control field cr u||||||||||
008 - FIXED-LENGTH DATA ELEMENTS--GENERAL INFORMATION
fixed length control field 210129p20102019mau o u00| u eng d
037 ## - SOURCE OF ACQUISITION
Institution to which field applies BiblioBoard
020 ## - INTERNATIONAL STANDARD BOOK NUMBER
International Standard Book Number 9781618116871
029 1# - OTHER SYSTEM CONTROL NUMBER (OCLC)
OCLC library identifier https://library.biblioboard.com/ext/api/media/2485a23b-d876-4a2f-baee-64c0c9ca974e/assets/thumbnail.jpg
040 ## - CATALOGING SOURCE
Original cataloging agency ScCtBLL
Transcribing agency ScCtBLL
100 1# - MAIN ENTRY--PERSONAL NAME
Personal name Srebrnik, Henry Felix
Relator term author.
245 00 - TITLE STATEMENT
Title Dreams of Nationhood
Remainder of title American Jewish Communists and the Soviet Birobidzhan Project, 1924-1951 /
Statement of responsibility, etc. Henry Felix Srebrnik.
264 #1 - PRODUCTION, PUBLICATION, DISTRIBUTION, MANUFACTURE, AND COPYRIGHT NOTICE
Name of producer, publisher, distributor, manufacturer Academic Studies Press,
300 ## - PHYSICAL DESCRIPTION
Extent 1 online resource (313 p.)
506 0# - RESTRICTIONS ON ACCESS NOTE
Terms governing access Access copy available to the general public.
Standardized terminology for access restriction Unrestricted
Source of term star
520 ## - SUMMARY, ETC.
Summary, etc. The American Jewish Communist movement played a major role in the politics of Jewish communities in cities such as Boston, Chicago, Los Angeles, New York, and Philadelphia, as well as in many other centers, between the 1920s and the 1950s. Making extensive use of Yiddish-language books, newspapers, periodicals, pamphlets, and other materials, Dreams of Nationhood traces the ideological and material support provided to the Jewish Autonomous Region of Birobidzhan, located in the far east of the Soviet Union, by two American Jewish Communist-led organizations, the ICOR and the American Birobidzhan Committee. By providing a detailed historical examination of the political work of these two groups, the book makes a substantial contribution to our understanding of twentieth century Jewish life in the United States.
588 0# - SOURCE OF DESCRIPTION NOTE
Source of description note Description based on print version record.
590 ## - LOCAL NOTE (RLIN)
Local note KU Open Services
650 #7 - SUBJECT ADDED ENTRY--TOPICAL TERM
Topical term or geographic name entry element History / United States
Source of heading or term bisacsh
650 #0 - SUBJECT ADDED ENTRY--TOPICAL TERM
Topical term or geographic name entry element History
655 #0 - INDEX TERM--GENRE/FORM
Genre/form data or focus term Electronic books.
758 ## -
-- Is found in:
-- Knowledge Unlatched
-- https://openresearchlibrary.org/module/2774bc74-146a-484f-a7ba-ab1d6a09bbfb
856 40 - ELECTRONIC LOCATION AND ACCESS
Uniform Resource Identifier <a href="https://openresearchlibrary.org/content/2485a23b-d876-4a2f-baee-64c0c9ca974e">https://openresearchlibrary.org/content/2485a23b-d876-4a2f-baee-64c0c9ca974e</a>
Public note View this content on Open Research Library.
-- 0
Holdings
Withdrawn status Lost status Source of classification or shelving scheme Damaged status Not for loan Home library Current library Shelving location Date acquired Total Checkouts Date last seen Uniform Resource Identifier Price effective from Koha item type
          Digital Library Digital Library Online Access 03.03.2021   03.03.2021 https://openresearchlibrary.org/content/2485a23b-d876-4a2f-baee-64c0c9ca974e 03.03.2021 eBook

OPENING HOURS

Weekdays: 0815hrs - 1800hrs
Weekends:0900hrs - 1200hrs

Closed for Mass:

Mon, Thur: 1200hrs - 1300hrs
Sunday & Public Holiday’s

CALL SUPPORT

0242-570570, 0242-570169
09200664, +263 8644140602

LOCATION

18443, Cranborne Avenue, Hatfield, Harare

Other Links


©2021 | CUZ Library